Precipitation and Purification of a novel biorefinery stream based on lignin towards specific customers requirements

Salvato in:
Dettagli Bibliografici
Autore principale: Nadányi, Richard (Autore)
Altri autori: Ház, Aleš (Relatore della tesi)
Natura: Manoscritto Libro
Lingua:slovacco
inglese
Pubblicazione: 2020
Soggetti:
Accesso online:http://is.stuba.sk/zp/portal_zp.pl?podrobnosti=150777
Tags: Aggiungi Tag
Nessun Tag, puoi essere il primo ad aggiungerne!!

MARC

LEADER 00000ntm a22000003a 4500
001 stuzp80157
003 SK-STU
005 20200627211152.4
007 ta
008 150427s2015----xo-----f-mn---000-0-slo-d
040 |a STU  |b slo 
041 0 |a eng 
100 1 |a Nadányi, Richard  |u 049380  |4 aut  |U FCHPT Ústav prírodných a syntetických polymérov  |T FCHPT Oddelenie dreva, celulózy a papiera  |X 81964  |U C9380  |Y 129  |7 81964 
242 0 1 |a Zrážanie a čistenie nového prúdu biorafinérie založenom na ligníne podľa špecifických požiadaviek zákazníka  |y slo 
245 1 0 |a Precipitation and Purification of a novel biorefinery stream based on lignin towards specific customers requirements 
260 |c 2020 
650 4 |a lignín  |2 slo 
650 4 |a zrážanie a čistenie lignínu  |2 slo 
650 4 |a biorafinéria  |2 slo 
650 4 |a aplikácie lignínu  |2 slo 
650 4 |a obsah popola  |2 slo 
650 4 |a sulfátový proces  |2 slo 
650 4 |a lignin  |2 eng 
650 4 |a biorefinery  |2 eng 
650 4 |a ash content  |2 eng 
650 4 |a precipitation and purification of lignin  |2 eng 
650 4 |a applications of lignin  |2 eng 
650 4 |a Kraft process  |2 eng 
700 1 |a Ház, Aleš  |u 049380  |k Z2  |4 ths  |U FCHPT Ústav prírodných a syntetických polymérov  |T FCHPT Oddelenie dreva, celulózy a papiera  |X 22008  |U C9380  |Y 129  |7 A000022008 
856 4 |u http://is.stuba.sk/zp/portal_zp.pl?podrobnosti=150777